Statistiques concernant Coupe du monde 1994

Cliquez ici pour prendre le quiz!

Statistiques générales

  • Ce quiz a été pris 28 fois
  • Le résultat moyen est 6 sur 12

Statistiques - réponses

QuestionRéponse% Correct
Tenant du titreAllemagne
100%
Groupe du Brésil ( mettre la lettre )B
100%
Groupe de l’Allemagne ( mettre la lettre )C
100%
Il y’a t’il une équipe qui a gagné tous ses matchs (TAB = NUL)Non
88%
Score de Suède Brésil0-1
48%
Capitaine des vainqueursDunga
44%
Stade de la finalePasadena
44%
Pire équipe du mondial ( points en phase de poule + différence de buts )Grèce
28%
Meilleur buteur de la compétition (2eme)Hristo Stoichkov
28%
Meilleur buteurr de la compétitionOleg Salenko
28%
Dernier buteur des demi-finalesRomario
24%
Dernier buteur des quarts de finale (TAB compris)Henrik Larsson
8%

Distribution des résultats

Percentile par nombre de réponses

% des personnes avec chaque résultat

Votre développement - résultats

Vous n’avez pas pris ce quiz